Microelectronic Circuits: (Record no. 51058)
[ view plain ]
| 000 -LEADER | |
|---|---|
| fixed length control field | 00806nam a22002177a 4500 |
| 005 - DATE AND TIME OF LATEST TRANSACTION | |
| control field | 20181025131242.0 |
| 010 ## - LCCN (DPL NO) | |
| LC control number | B-422636 B-710646 |
| 020 ## - INTERNATIONAL STANDARD BOOK NUMBER | |
| International Standard Book Number | 9780198062257 |
| Terms of availability | 575.00 |
| 035 ## - SYSTEM CONTROL NUMBER | |
| System control number | B-422636 |
| 035 ## - SYSTEM CONTROL NUMBER | |
| System control number | B-710646 |
| 082 ## - DEWEY DECIMAL CLASSIFICATION NUMBER | |
| Classification number | 621.3815 |
| 100 ## - MAIN ENTRY--PERSONAL NAME | |
| Personal name | Sedra Adel S. |
| 245 ## - TITLE STATEMENT | |
| Title | Microelectronic Circuits: |
| Statement of responsibility, etc | Adera S. Sedra [and] Kenneth C. Smith |
| Remainder of title | Theory and Applications / |
| 250 ## - EDITION STATEMENT | |
| Edition statement | 5th ed. |
| 260 ## - PUBLICATION, DISTRIBUTION, ETC. (IMPRINT) | |
| Place of publication, distribution, etc | New Delhi |
| Name of publisher, distributor, etc | Oxford University Press |
| Date of publication, distribution, etc | 2009 |
| 270 ## - ADDRESS | |
| Address | YMCA Building, Jai Singh Road |
| City | New Delhi |
| Postal code | 110001 |
| 300 x# - PHYSICAL DESCRIPTION | |
| Extent | xxvi, various pagings |
| Dimensions | 24cm (Pbk) |
| 700 ## - ADDED ENTRY--PERSONAL NAME | |
| Personal name | Smith, Kenneth C. |
| 942 ## - ADDED ENTRY ELEMENTS (KOHA) | |
| Source of classification or shelving scheme | Dewey Decimal Classification |
| Item type | English Books |
| Classification part | 621.3815 |
| Call number suffix | SED |
| Withdrawn status | Lost status | Not for loan | Home library | Current library | Date acquired | Source of acquisition | Cost, normal purchase price | Full call number | Barcode | Copy number | Cost, replacement price | Koha item type | Collection code |
|---|---|---|---|---|---|---|---|---|---|---|---|---|---|
| Ashok Vihar | Ashok Vihar | 25/10/2018 | Gift/16-10-2018 | 525.00 | 621.3815 SED | B-710646 | 1 | 525.00 | English Books | Non-fiction | |||
| Central Library | Central Library | 15/03/2011 | RP/CL | 575.00 | 621.3815 SED | B-422636 | 1 | 575.00 | English Books |
